Lanean...

BIOTECHNOLOGY: VOLUME5a: RECOMBINENT PROTEINS,MONOC;ONAL ANTIBODIES, AND THERAPEUTIC GENES

Xehetasun bibliografikoak
Argitaratua: WEINHEIM WILEY VCH 1999
Gaiak:
LEADER 00607nam a2200193 4500
020
037
082 |a 030.660 REH.5a 
100
245 |a BIOTECHNOLOGY: VOLUME5a: RECOMBINENT PROTEINS,MONOC;ONAL ANTIBODIES, AND THERAPEUTIC GENES  |h English 
250
260 |a WEINHEIM  |b WILEY VCH  |c 1999 
300
500
590
650 |a BIOTECHNOLOGY VOLUME5a RECOMBINENT PROTEINS--MONOC;ONAL ANTIBODIES-- AND THERAPEUTIC GENES 
942 |c BV 
999 |c 131060  |d 131060 
952 |0 0  |1 0  |4 0  |6 030_660000000000000_REH_5A  |7 0  |9 144522  |a BTY  |b BTY  |l 0  |o 030.660 REH.5a  |p BTY430  |r 2019-10-24  |w 2019-10-24  |y BV